| Record ID | ia:searchlightconsc0000unse |
| Source | Internet Archive |
| Download MARC XML | https://archive.org/download/searchlightconsc0000unse/searchlightconsc0000unse_marc.xml |
| Download MARC binary | https://www.archive.org/download/searchlightconsc0000unse/searchlightconsc0000unse_meta.mrc |
LEADER: 01079nam 22003378a 4500
001 42274017
003 OCoLC
005 19991019133955.0
008 990823s1999 enk 000 0 eng d
020 $a050028136X
040 $aUKM$cUKM
049 $aCC9M
090 $aN6490$b.S4 1999
245 00 $aSearchlight :$bconsciousness at the millennium /$cedited by Lawrence Rinder.
260 $aNew York :$b Thames & Hudson,$c1999.
300 $a192 p. :$bill. (some col.) ;$c28 cm.
500 $aPublished to accompany the exhibition, Searchlight: Consciousness at the millenium," at the California College of Arts and Crafts, San Francisco, Sept.-Dec. 1999.
650 0 $aConsciousness in art.
650 0 $aArt, Modern$y20th century$xThemes, motives.
700 1 $aRinder, Lawrence.
710 2 $aCalifornia College of Arts and Crafts.
710 2 $aCCAC Institute.
907 $a.b1035511x$bmulti$c-
902 $a080929
998 $b2$c991019$dm$ea$f-$g0
945 $lmnst
945 $lmnst
945 $lsfst
945 $lsfst
945 $lmnarc
945 $lmnun